000 00344nam a2200145Ia 4500
008 230917s9999||||xx |||||||||||||| ||und||
040 _e48449
_aMAIN
041 _aEnglish
082 _a823.8 F774G:E
100 _aGardner, Philip, ed.
245 0 _aCritical heritage
260 _aDelhi
_bVikas
_c1974
300 _axx, 498 p.
942 _cBK
999 _c148719
_d148719